| 000 | 01209cam a22003254i 4500 | ||
|---|---|---|---|
| 001 | 12328293 | ||
| 003 | EG-ScBUE | ||
| 005 | 20230116144150.0 | ||
| 008 | 010227t2001 nyua f 000 0 eng d | ||
| 020 | _a0810944979 | ||
| 020 | _a9780810944978 | ||
| 040 |
_aDLC _beng _erda _cDLC _dDLC _dEG-ScBUE |
||
| 082 | 0 | 4 |
_a747.019 _222 _bROB |
| 100 | 1 |
_aRoberts, Meg Lesser, _eauthor. |
|
| 245 | 1 | 0 |
_aTime at home / _cMeg and Steven Roberts ; photographs by Maura McEvoy ; text by Brenda Cullerton. |
| 264 | 1 |
_aNew York : _bHarry N. Abrams, Inc., Publishers, _c[2001] |
|
| 264 | 4 | _bc2001 | |
| 300 |
_a128 pages : _bcolor illustrations ; _c26 cm |
||
| 336 |
_2rdacontent _atext _btxt |
||
| 337 |
_2rdamedia _aunmediated _bn |
||
| 338 |
_2rdacarrier _avolume _bnc |
||
| 650 | 7 |
_aInterior decoration _xPsychological aspects. _2BUEsh |
|
| 653 | _bART | ||
| 655 | _vReading book | ||
| 700 | 1 |
_aRoberts, Steven, _d1956- _eauthor. |
|
| 700 | 1 |
_aCullerton, Brenda, _econtributor. _920978 |
|
| 700 | 1 |
_aMcEvoy, Maura, _ephotographer. |
|
| 942 |
_2ddc _cBB |
||
| 999 |
_c10654 _d10654 |
||